000 00397nam a22001697a 4500
003 MPLRDC
005 20220104113732.0
008 210129b ||||| |||| 00| 0 eng d
082 _a857.45 GY-8 v.1
100 _a高阳
245 _a汉宫春晓
_c
250 _a再版
260 _a中国
_b南京出版公司
_c1978
300 _b451
650 _a历史小说
942 _cBK
_o857.45 GY-8 v.1
999 _c1946
_d1936